000
00218 a2200097 4500
001
3426
100
_a
Seton-watson, H
245
_a
Pattern of communist revolution, the
260
_a
_b
Methuen
_c
090
_c
2697
_d
2697
942
_a
NUST-CAE
_c
M
_c
18857
999
_c
238499
_d
238499